| 000 | 00842nam a2200181Ia 4500 | ||
|---|---|---|---|
| 008 | 151202s9999||||xx |||||||||||||| ||und|| | ||
| 082 | _bPNVM-36586 | ||
| 100 | _aभोळे भास्कर लक्ष्मण. | ||
| 245 | _aयशवंतराव चव्हाण: राजकारण आणि साहित्य. | ||
| 260 | _bसाकेत प्रकाशन औरंगाबाद. | ||
| 260 | _c1996 | ||
| 300 | _a152 | ||
| 600 | _aभोळे भास्कर लक्ष्मण. | ||
| 630 | _aयशवंतराव चव्हाण: राजकारण आणि साहित्य. | ||
| 700 | _aभोळे भास्कर लक्ष्मण. | ||
| 730 | _aयशवंतराव चव्हाण: राजकारण आणि साहित्य. | ||
| 942 | _cBOOK | ||
| 999 |
_c1302538 _d1302535 |
||